000 00773nam a2200253Ia 4500
003 OSt
005 20220923224944.0
006 a|||||r|||| 00| 0
007 ta
008 220922b |||||||| |||| 00| 0 hin d
024 _a254,250
037 _cTextual
040 _aARTS
_cARTS
_bhin
041 _2hin
_ahin
082 _aO153,1K66:g, 152N9
100 _aमहीप सिंह
245 0 _aगुरू गोबिंद सिंह
246 _aGurū gobianda sianha
250 _a2 संस्करण
260 _aनई दिल्ली
_b साहित्य अकादेमी
_c1999
300 _a112पृ.
_ccm.
942 _hO153,1K66:g, 152N9
_cTEXL
_2CC
999 _c374963
_d374963